000 01083nja a2200217 a 4500
003 BLK
005 20240731005409.0
008 180414c bul|r|ner|||| 00| c0bul d
010 _aNOT00003072178
040 _aBLK
100 1 _aХристов, Добри Лазаров
_eпърви автор
_9376372
245 1 0 _aБоговица
_bЗа тригласен хор
_cДобри Лазаров Христов; текст Петко Рачов Славейков.
257 _aBGR
380 _a7
700 1 _aСлавейков, Петко Рачов
_d1827-1895
_gВиден възрожд. деец, участник в борбата за църк. освобожд., просветител, писател, поет, публицист, фолклорист, политик
_eтекст
_9121105
773 _0315112
_9667894
_aХристов, Добри Лазаров
_tГодината в песни
852 _aЦб М ІІ 11784
942 _cNOT
_n0
944 _aCR
_c14.01.2010
_k
_lCRON CRON
944 _aED
_c12.11.2014
_kВиолета_Тройчева
999 _c315290
_d315290